Vegetationskunde der Karawanken, (Record no. 9584)

MARC details
000 -LEADER
fixed length control field 00819cam a22002411 4500
001 - CONTROL NUMBER
control field agr33000510
003 - CONTROL NUMBER IDENTIFIER
control field DLC
005 - DATE AND TIME OF LATEST TRANSACTION
control field 20260227110953.0
008 - FIXED-LENGTH DATA ELEMENTS--GENERAL INFORMATION
fixed length control field 770119s1933 gw a b 000 0 gerdc
010 ## - LIBRARY OF CONGRESS CONTROL NUMBER
LC control number agr33000510
035 ## - SYSTEM CONTROL NUMBER
System control number (OCoLC)2686998
040 ## - CATALOGING SOURCE
Original cataloging agency U.S. Dept. of Agr. Library
Transcribing agency OOxM
Modifying agency OOxM
-- DLC
042 ## - AUTHENTICATION CODE
Authentication code premarc
050 00 - LIBRARY OF CONGRESS CALL NUMBER
Classification number QK297
Item number .A35
100 1# - MAIN ENTRY--PERSONAL NAME
Personal name Aichinger, Erwin.
245 10 - TITLE STATEMENT
Title Vegetationskunde der Karawanken,
Statement of responsibility, etc. bearbeitet von Erwin Aichinger.
260 ## - PUBLICATION, DISTRIBUTION, ETC.
Place of publication, distribution, etc. Jena,
Name of publisher, distributor, etc. G. Fischer,
Date of publication, distribution, etc. 1933.
300 ## - PHYSICAL DESCRIPTION
Extent xiii, 329, [1] p.
Other physical details illus., diagrs.
Dimensions 26 cm.
490 1# - SERIES STATEMENT
Series statement Pflanzensoziologie. Eine Reihe vegetationskundlicher Gebietsmonographien,
Volume/sequential designation Bd. 2
504 ## - BIBLIOGRAPHY, ETC. NOTE
Bibliography, etc. note "Literaturverzeichnis": p. [314]-329.
650 #0 - SUBJECT ADDED ENTRY--TOPICAL TERM
Topical term or geographic name entry element Plants
Geographic subdivision Karawanken (Austria and Slovenia)
830 #0 - SERIES ADDED ENTRY--UNIFORM TITLE
Uniform title Pflanzensoziologie ;
Volume/sequential designation Bd. 2.

No items available.

Powered by Koha